La Grecia classica : 480-330 a.C. /

Estudio que presenta un panorama del desarrollo del arte griego entre los años 480-330 a.C. Contiene: 1. La arquitectura; 2. La escultura; 3. Pintura y cerámica; 4. Conclusiones.

Guardado en:
書目詳細資料
主要作者: Charbonneaux, Jean (autor)
其他作者: Martin, Roland, Villard, François
格式: 圖書
語言:意大利语
出版: Milán, Italia : Rizzoli, 1978, c1978
版:2a edición
叢編:(Il Mondo della Figura)
主題:
標簽: 添加標簽
沒有標簽, 成為第一個標記此記錄!

MARC

LEADER 00000nam^a2200000^a^4500
001 000293471
005 20250521000000.0
009 20260526135056.283
037 |a Acervo Xavier Clavigero 
041 |a ITA 
082 |a 709. 49501  |b CHA 
100 |a Charbonneaux, Jean  |e (autor) 
245 1 3 |a La Grecia classica :  |b 480-330 a.C. /  |c J. Charbonneaux, R. Martin, F. Villard ; tr. por Marcello Lenzini. 
250 |a 2a edición 
264 4 |a Milán, Italia :  |b Rizzoli,  |c 1978, c1978 
300 |a 423 p. 
336 |a texto  |b txt  |2 rdacontenido 
337 |a sin mediación  |b n  |2 rdamedio 
338 |a volumen  |b nc  |2 rdasoporte 
440 3 |a (Il Mondo della Figura) 
500 |a Traducción de: Grèce classique 
520 |a Estudio que presenta un panorama del desarrollo del arte griego entre los años 480-330 a.C. Contiene: 1. La arquitectura; 2. La escultura; 3. Pintura y cerámica; 4. Conclusiones. 
649 |a XX 
650 |a Arquitectura Griega -  |x Historia y Crítica 
650 |a Arquitectura Clásica -  |x Historia y Crítica 
650 |a Escultura Griega -  |x Historia y Crítica 
650 |a Escultura Clásica -  |x Historia y Crítica 
650 |a Pintura Griega -  |x Historia y Crítica 
650 |a Pintura Clásica -  |x Historia y Crítica 
650 |a Cerámica Griega -  |x Historia y Crítica 
650 |a Cerámica Clásica -  |x Historia y Crítica 
650 |a Arte Griego -  |x Historia y Crítica 
650 |a Arte Clásico -  |x Historia y Crítica 
650 |a Grecia -  |x Historia -  |y Período Clásico, 479-323 a.C 
700 |a Martin, Roland 
700 |a Villard, François 
910 |a Fondo General 
920 |a Impresos - Libros 
930 |a Colección General 
905 |a 101 
901 |a 005086  |b IT1  |c ACC  |i 906699  |u 20250521 
902 |a https://opac.biblio.iteso.mx/vufind/Record/000293471